| Поле | Название | Значение |
| |
Тип записи |
a |
| |
Библиографический уровень |
m |
| 001 |
Контрольный номер |
RU\NLR\BIBL_A\011866163 |
| 005 |
Дата корректировки |
20240410112228.8 |
| 010 |
Индекс ISBN |
__ |
| a |
ISBN |
978-5-389-14831-4 (в пер.) |
| d |
Цена |
923-03, 5000 экз. |
| 021 |
№ государственной регистрации |
__ |
| b |
№ документа |
2018-81396 |
| 100 |
Данные общей обработки |
__ |
| a |
Данные общей обработки |
19181119d2018 |||y0rusy0189 ca |
| 101 |
Язык документа |
0_ |
| a |
Язык текста |
rus |
| 102 |
Страна публикации |
__ |
| a |
Страна публикации |
RU |
| 102 |
Страна публикации |
__ |
| a |
Страна публикации |
RU |
| 105 |
Кодированные данные (монография) |
__ |
| a |
Кодированные данные (монография) |
aс||||||010zy |
| 200 |
Заглавие и сведения об ответственности |
1_ |
| a |
Заглавие |
Все рассказы |
| e |
Сведения, относящиеся к заглавию |
[для среднего школьного возраста] |
| f |
Первые сведения об ответственности |
Николай Носов ; иллюстрации Г. Валька [и др.] |
| b |
Общее обозначение материала |
Текст |
| 210 |
Выходные данные |
1_ |
| a |
Место издания |
Москва |
| c |
Издательство |
Издание И. П. Носова |
| c |
Издательство |
Махаон |
| d |
Дата издания |
2018 |
| 215 |
Физическое описание |
__ |
| a |
Объем |
326, [1] с. |
| c |
Иллюстрации/тип воспроизводства |
ил., портр., цв. ил. |
| d |
Формат |
29 см |
| 300 |
Общие примечания |
__ |
| a |
Общие примечания |
На обложке: 110 лет |
| 327 |
Примечание о содержании |
0_ |
| a |
Примечание о содержании |
Огурцы |
| 327 |
Примечание о содержании |
0_ |
| a |
Примечание о содержании |
Федина задача |
| 327 |
Примечание о содержании |
0_ |
| a |
Примечание о содержании |
Метро |
| 327 |
Примечание о содержании |
0_ |
| a |
Примечание о содержании |
Замазка |
| 327 |
Примечание о содержании |
0_ |
| a |
Примечание о содержании |
Саша |
| 327 |
Примечание о содержании |
0_ |
| a |
Примечание о содержании |
Под одной крышей |
| 327 |
Примечание о содержании |
0_ |
| a |
Примечание о содержании |
На горке |
| 327 |
Примечание о содержании |
0_ |
| a |
Примечание о содержании |
Ступеньки |
| 327 |
Примечание о содержании |
0_ |
| a |
Примечание о содержании |
Живая шляпа |
| 327 |
Примечание о содержании |
0_ |
| a |
Примечание о содержании |
Карасик |
| 330 |
Аннотация |
__ |
| a |
Аннотация |
Николай Носов - замечательный писатель, автор весёлых рассказов и повестей, в том числе о приключениях Незнайки и его приятелей-коротышек из Цветочного города. Произведения Носова давно стали любимейшим детским чтением. Настоящее издание - без сомнения, уникальное, ведь под одной обложкой собраны ВСЕ рассказы Николая Носова, проиллюстрированные Генрихом Вальком, Аминадавом Каневским, Иваном Семёновым, Евгением Мигуновым, Виталием Горяевым и другими выдающимися художниками. Они сумели создать на страницах книг знаменитого писателя атмосферу доброго веселья и юмора, воплотив яркие, запоминающиеся образы фантазёров и выдумщиков, проказников и сорванцов, с которыми мы, читатели, дружим уже много-много лет. |
| 333 |
Примечание о целевом назначении |
__ |
| a |
Примечание о целевом назначении |
0+ |
| 606 |
Тематические рубрики |
__ |
| a |
Основная рубрика |
Художественная литература |
| 606 |
Тематические рубрики |
__ |
| a |
Основная рубрика |
Русская литература XX в. (произведения) |
| 610 |
Ключевые слова |
0_ |
| a |
Ключевые слова |
детская литература |
| 610 |
Ключевые слова |
0_ |
| a |
Ключевые слова |
рассказы |
| 610 |
Ключевые слова |
0_ |
| a |
Ключевые слова |
тема детей |
| 610 |
Ключевые слова |
0_ |
| a |
Ключевые слова |
тема приключений |
| 610 |
Ключевые слова |
0_ |
| a |
Ключевые слова |
тема юмора |
| 610 |
Ключевые слова |
0_ |
| a |
Ключевые слова |
тема дружбы |
| 610 |
Ключевые слова |
0_ |
| a |
Ключевые слова |
юмористические рассказы |
| 610 |
Ключевые слова |
0_ |
| a |
Ключевые слова |
советская литература |
| 686 |
Индексы других классификаций |
__ |
| 2 |
Код системы |
rubbks |
| a |
Классификационный индекс |
ст84(2=411.2)6-4 |
| 700 |
Автор |
_1 |
| a |
Фамилия |
Носов |
| b |
Имя |
Н. Н. |
| f |
Даты |
1908-1976 |
| g |
Полное личное имя |
Николай Николаевич |
| 4 |
Код отношения |
070 |
| 702 |
Вторичная интеллектуальная ответственность |
_1 |
| a |
Фамилия |
Вальк |
| b |
Имя |
Г. О. |
| 4 |
Код отношения |
Художник |
| f |
Даты |
1918-1998 |
| g |
Полное личное имя |
Генрих Оскарович |
| 4 |
Код отношения |
040 |
| 702 |
Вторичная интеллектуальная ответственность |
_1 |
| a |
Фамилия |
Горяев |
| b |
Имя |
Н. В. |
| 4 |
Код отношения |
Художник |
| f |
Даты |
1910-1982 |
| g |
Полное личное имя |
Виталий Николаевич |
| 4 |
Код отношения |
040 |
| 702 |
Вторичная интеллектуальная ответственность |
_1 |
| a |
Фамилия |
Семенов |
| b |
Имя |
И. М. |
| 4 |
Код отношения |
Художник |
| f |
Даты |
1906-1982 |
| g |
Полное личное имя |
Иван Максимович |
| 4 |
Код отношения |
040 |
| 702 |
Вторичная интеллектуальная ответственность |
_1 |
| a |
Фамилия |
Каневский |
| b |
Имя |
А. М. |
| 4 |
Код отношения |
Художник |
| f |
Даты |
1898-1976 |
| g |
Полное личное имя |
Аминадав Моисеевич |
| 4 |
Код отношения |
040 |
| 702 |
Вторичная интеллектуальная ответственность |
_1 |
| a |
Фамилия |
Мигунов |
| b |
Имя |
Е. Т. |
| f |
Даты |
1921-2004 |
| g |
Полное личное имя |
Евгений Тихонович |
| 4 |
Код отношения |
040 |
| 702 |
Вторичная интеллектуальная ответственность |
_1 |
| a |
Фамилия |
Огородников |
| b |
Имя |
Г. И. |
| 4 |
Код отношения |
Художник |
| f |
Даты |
1938- |
| g |
Полное личное имя |
Герман Иванович |
| 4 |
Код отношения |
440 |
| 702 |
Вторичная интеллектуальная ответственность |
_1 |
| a |
Фамилия |
Юдин |
| b |
Имя |
Г. Н. |
| 4 |
Код отношения |
Художник |
| f |
Даты |
1943- |
| g |
Полное личное имя |
Георгий Николаевич |
| 4 |
Код отношения |
040 |
| 702 |
Вторичная интеллектуальная ответственность |
_1 |
| a |
Фамилия |
Канивец |
| b |
Имя |
В. М. |
| 4 |
Код отношения |
Художник |
| f |
Даты |
1957- |
| g |
Полное личное имя |
Владимир Михайлович |
| 4 |
Код отношения |
040 |
| 801 |
Источник записи |
_0 |
| a |
Страна |
RU |
| b |
Организация |
NLR |
| c |
Дата составления |
20181119 |
| g |
Правила каталогизации |
PSBO |
| 801 |
Источник записи |
_2 |
| a |
Страна |
RU |
| b |
Организация |
Муниципальное бюджетное учреждение культуры "Централизованная библиотечная система" г. Сургут (Центральная городская библиотека им. А. С. Пушкина) |
| c |
Дата составления |
20181119 |
| 852 |
Данные о местонахождении |
__ |
| j |
Шифр хранения |
ст84(2=411.2)6-4 |
| i |
Авторский знак |
Н 84 |
| 901 |
Тип документа |
__ |
| a |
Ответственный |
КиК/Лукашук |
| t |
Тип документа |
x |
| 903 |
Характеристики (МАРС) |
__ |
| a |
Дата передачи |
20191225 |
| 969 |
Тип издания |
__ |
| a |
Тип издания |
издание для детей |
| 990 |
Данные о заказе (DOS) |
__ |
| j |
Количество экземпляров (DOS) |
4 |
| t |
N записи в КСУ для И/У (DOS) |
202001 |